[Event "DSJ Weihnachtsturnier U16: Lasker 2020"]
[Site ""]
[Date "2020.12.28"]
[Round "2"]
[White "Schirneck, Ethan"]
[Black "Schulz, Hannah"]
[Result "0-1"]
[Termination "normal"]
[Board "12.2"]
[WhiteElo "1435"]
[BlackElo "1539"]
[WhiteTeam "Rhedaer Schachverein von 1931"]
[BlackTeam "Karlsruher SF 1853 2"]
[PlyCount "74"]
[WhiteFideId "34625593"]
[BlackFideId "16244745"]
[EventRounds "7"]
[EventType "team-swiss"]
[EventDate "2020.12.28"]

1. e4 {[%emt 0:00:03]} c6 {[%emt 0:00:04]} 2. d4 {[%emt 0:00:03]} d5 {[%emt
0:00:01]} 3. exd5 {[%emt 0:00:02]} cxd5 {[%emt 0:00:01]} 4. Nc3 {[%emt
0:00:04]} Nc6 {[%emt 0:00:02]} 5. Nf3 {[%emt 0:00:06]} Nf6 {[%emt 0:00:01]} 6.
Bg5 { [%emt 0:00:03]} Bf5 {[%emt 0:00:03]} 7. Bd3 {[%emt 0:00:06]} Bg6 {[%emt
0:00:02]} 8. Bxg6 {[%emt 0:00:02]} hxg6 {[%emt 0:00:02]} 9. Qe2 {[%emt
0:00:14]} e6 {[%emt 0:00:04]} 10. O-O-O {[%emt 0:00:07]} Be7 {[%emt 0:00:26]}
11. Qd2 { [%emt 0:00:14]} Qd7 {[%emt 0:00:04]} 12. Kb1 {[%emt 0:00:04]} O-O-O
{[%emt 0:00:05]} 13. h4 {[%emt 0:00:06]} Ne4 {[%emt 0:00:46]} 14. Nxe4 {[%emt
0:00:07]} dxe4 {[%emt 0:00:03]} 15. Bxe7 {[%emt 0:00:34]} Qxe7 {[%emt 0:00:03]}
16. Ne1 { [%emt 0:00:19]} e5 {[%emt 0:00:05]} 17. Qc3 {[%emt 0:00:24]} exd4
{[%emt 0:00:09]} 18. Qc4 {[%emt 0:00:02]} f5 {[%emt 0:00:45]} 19. Rc1 {[%emt
0:00:07]} Rxh4 {[%emt 0:00:21]} 20. Rxh4 {[%emt 0:00:04]} Qxh4 {[%emt 0:00:02]}
21. g3 { [%emt 0:00:02]} Qf6 {[%emt 0:00:06]} 22. c3 {[%emt 0:00:11]} d3 {[%emt
0:00:05] } 23. Rd1 {[%emt 0:00:09]} Qd6 {[%emt 0:00:45]} 24. b4 {[%emt
0:00:14]} Kb8 { [%emt 0:00:22]} 25. Ng2 {[%emt 0:00:14]} Ne5 {[%emt 0:00:21]}
26. Qb5 {[%emt 0:00:36]} Ng4 {[%emt 0:00:47]} 27. Rd2 {[%emt 0:00:20]} Qc6
{[%emt 0:00:37]} 28. Qa5 {[%emt 0:00:32]} Qb6 {[%emt 0:00:24]} 29. Qa3 {[%emt
0:00:16]} Nxf2 { [%emt 0:00:15]} 30. c4 {[%emt 0:00:25]} e3 {[%emt 0:00:17]}
31. Nxe3 {[%emt 0:00:30]} Qxe3 {[%emt 0:00:08]} 32. Qc3 {[%emt 0:00:11]} Ng4
{[%emt 0:00:33]} 33. Kc1 {[%emt 0:00:17]} Qd4 {[%emt 0:00:11]} 34. Qb3 {[%emt
0:00:11]} Ne5 { [%emt 0:00:06]} 35. Kb1 {[%emt 0:00:17]} Nxc4 {[%emt 0:00:16]}
36. Rd1 { [%emt 0:00:12]} d2 {[%emt 0:00:20]} 37. Qc2 {[%emt 0:00:34]} Na3#
{[%emt 0:00:04]} 0-1

[Event "DSJ Weihnachtsturnier U16: Lasker 2020"]
[Site ""]
[Date "2020.12.28"]
[Round "2"]
[White "Döding, Alexander"]
[Black "Kossert, Simon"]
[Result "1-0"]
[Termination "normal"]
[Board "12.4"]
[WhiteElo "990"]
[BlackElo "1299"]
[WhiteTeam "Rhedaer Schachverein von 1931"]
[BlackTeam "Karlsruher SF 1853 2"]
[PlyCount "67"]
[WhiteFideId "34614940"]
[BlackFideId "16283287"]
[EventRounds "7"]
[EventType "team-swiss"]
[EventDate "2020.12.28"]

1. e4 {[%emt 0:00:19]} c5 {[%emt 0:00:04] .} 2. Nc3 {[%emt 0:00:02]} Nc6 {[%emt
0:00:03] .} 3. f4 {[%emt 0:00:02]} e6 {[%emt 0:00:08] .} 4. Nf3 {[%emt
0:00:04]} d5 {[%emt 0:00:07] .} 5. Bb5 {[%emt 0:00:23]} Nf6 {[%emt 0:00:46] .}
6. Bxc6+ {[%emt 0:00:12]} bxc6 {[%emt 0:00:04] .} 7. d3 {[%emt 0:00:27]} dxe4
{[%emt 0:00:41] .} 8. Nxe4 {[%emt 0:00:11]} Nxe4 { [%emt 0:00:04] .} 9. dxe4
{[%emt 0:00:03]} Qxd1+ {[%emt 0:00:02] .} 10. Kxd1 { [%emt 0:00:02]} Ba6 {[%emt
0:00:10] .} 11. Bd2 {[%emt 0:00:17]} O-O-O {[%emt 0:00:08] .} 12. Ne5 {[%emt
0:00:32]} Rd4 {[%emt 0:01:24] .} 13. Nxf7 {[%emt 0:00:34]} Rg8 {[%emt 0:00:09]
.} 14. Re1 {[%emt 0:00:44]} g6 {[%emt 0:00:28] .} 15. Kc1 {[%emt 0:00:49]} Bg7
{[%emt 0:00:52] .} 16. Bc3 {[%emt 0:00:14]} Rd7 { [%emt 0:01:09] .} 17. Bxg7
{[%emt 0:00:15]} Rxf7 {[%emt 0:00:45] .} 18. Be5 { [%emt 0:00:06]} c4 {[%emt
0:00:23] .} 19. b3 {[%emt 0:00:24]} c3 {[%emt 0:00:20] .} 20. g3 {[%emt
0:00:35]} h5 {[%emt 0:00:37] .} 21. Bxc3 {[%emt 0:00:11]} g5 {[%emt 0:00:06] .}
22. Bd2 {[%emt 0:00:19]} gxf4 {[%emt 0:00:04] .} 23. Bxf4 {[%emt 0:00:06]} Re8
{[%emt 0:00:16] .} 24. e5 {[%emt 0:00:13]} Rh8 {[%emt 0:00:12] .} 25. Kb2
{[%emt 0:00:07]} h4 {[%emt 0:00:06] .} 26. Rad1 {[%emt 0:00:14]} hxg3 {[%emt
0:00:13] .} 27. Bxg3 {[%emt 0:00:07]} Kc7 {[%emt 0:00:38] .} 28. Rd6 {[%emt
0:00:23]} Re8 {[%emt 0:00:16] .} 29. Re3 {[%emt 0:00:20]} Rf5 { [%emt 0:00:23]
.} 30. Rc3 {[%emt 0:00:12]} Bb7 {[%emt 0:00:02] .} 31. b4 { [%emt 0:00:09]} Rh8
{[%emt 0:00:07] .} 32. b5 {[%emt 0:00:05]} Kb6 {[%emt 0:00:01] .} 33. bxc6
{[%emt 0:00:04] '} Ba6 {[%emt 0:00:27] .} 34. c7+ {[%emt 0:00:09] ' Arbiter
Decision (ClaimWin Time Overstepped), result=2} 1-0

[Event "DSJ Weihnachtsturnier U16: Lasker 2020"]
[Site ""]
[Date "2020.12.28"]
[Round "2"]
[White "Sickmann, Lisa"]
[Black "Maas, Kolja"]
[Result "1-0"]
[Termination "normal"]
[Board "13.1"]
[WhiteElo "1510"]
[BlackElo "1559"]
[WhiteTeam "Lübecker SV von 1873"]
[BlackTeam "Lübecker SV von 1873 2"]
[PlyCount "97"]
[WhiteFideId "16267818"]
[BlackFideId "16220420"]
[EventRounds "7"]
[EventType "team-swiss"]
[EventDate "2020.12.28"]

1. e4 {[%emt 0:00:13]} e5 {[%emt 0:00:10]} 2. Nf3 { [%emt 0:00:03]} Nf6 {[%emt
0:00:02]} 3. Nxe5 {[%emt 0:00:08]} d6 {[%emt 0:00:13]} 4. Nf3 {[%emt 0:00:05]}
Nxe4 {[%emt 0:00:03]} 5. d4 {[%emt 0:00:18]} d5 { [%emt 0:00:04] Luebeck3-001
reconnected.} 6. Bd3 {[%emt 0:00:05]} Bf5 {[%emt 0:00:03] .} 7. O-O {[%emt
0:00:05]} Bd6 {[%emt 0:00:02] .} 8. Re1 {[%emt 0:00:21] } O-O {[%emt 0:00:05]
.} 9. c3 {[%emt 0:00:35]} Re8 {[%emt 0:00:07] .} 10. Qb3 {[%emt 0:00:09]} b6
{[%emt 0:00:30] .} 11. Be3 {[%emt 0:00:31]} c5 {[%emt 0:00:20] .} 12. dxc5
{[%emt 0:00:16]} bxc5 {[%emt 0:00:37] .} 13. Qb7 {[%emt 0:00:30] Luebeck3-001
reconnected.} Nd7 {[%emt 0:02:35] Luebeck4-001 reconnected. . Luebeck3-001
reconnected.} 14. Qxd5 {[%emt 0:00:53]} Qf6 {[%emt 0:00:47]} 15. Nbd2 {[%emt
0:00:47]} Nb6 {[%emt 0:00:11]} 16. Nxe4 {[%emt 0:02:24]} Bxe4 { [%emt 0:00:22]}
17. Qxe4 {[%emt 0:00:10]} Rxe4 {[%emt 0:00:03]} 18. Bxe4 { [%emt 0:00:02]} Re8
{[%emt 0:00:15]} 19. Bg5 {[%emt 0:00:04]} Qe6 {[%emt 0:01:00]} 20. Bxh7+ {[%emt
0:00:03]} Kxh7 {[%emt 0:00:00]} 21. Rxe6 {[%emt 0:00:03]} Rxe6 {[%emt 0:00:00]}
22. Rd1 {[%emt 0:00:05]} Nc4 {[%emt 0:00:07]} 23. b3 { [%emt 0:00:07]} Ne5
{[%emt 0:00:50]} 24. Nxe5 {[%emt 0:00:11]} Bxe5 {[%emt 0:00:03]} 25. c4 {[%emt
0:00:04]} Ra6 {[%emt 0:00:05]} 26. Rd2 {[%emt 0:00:08]} Bd4 {[%emt 0:00:04]}
27. Be3 {[%emt 0:00:07]} Bc3 {[%emt 0:00:21]} 28. Rc2 { [%emt 0:00:05]} Bb4
{[%emt 0:00:02]} 29. f3 {[%emt 0:00:06]} Rd6 {[%emt 0:00:09]} 30. Rc1 {[%emt
0:00:13]} Kg6 {[%emt 0:00:04]} 31. Bf4 {[%emt 0:00:24]} Rd4 {[%emt 0:00:21]}
32. g3 {[%emt 0:00:19]} Kf5 {[%emt 0:00:07]} 33. Kf2 {[%emt 0:00:31]} g5 {[%emt
0:00:06]} 34. Be3 {[%emt 0:00:16]} Rd6 {[%emt 0:00:08]} 35. Ke2 {[%emt
0:00:04]} f6 {[%emt 0:00:14]} 36. Rd1 {[%emt 0:00:05]} Ra6 {[%emt 0:00:22]} 37.
a4 {[%emt 0:00:16]} Re6 {[%emt 0:00:02]} 38. Rd5+ {[%emt 0:00:03]} Kg6 {[%emt
0:00:03]} 39. Kd3 {[%emt 0:00:02]} Rc6 {[%emt 0:00:06]} 40. g4 { [%emt
0:00:05]} a5 {[%emt 0:00:06]} 41. Rd7 {[%emt 0:00:02]} f5 {[%emt 0:00:06] } 42.
gxf5+ {[%emt 0:00:03]} Kxf5 {[%emt 0:00:00]} 43. Rd5+ {[%emt 0:00:01]} Kg6
{[%emt 0:00:08]} 44. Rxg5+ {[%emt 0:00:00]} Kf6 {[%emt 0:00:02]} 45. Rd5 {
[%emt 0:00:01]} Ke6 {[%emt 0:00:03]} 46. h4 {[%emt 0:00:01]} Rc7 {[%emt
0:00:03]} 47. h5 {[%emt 0:00:01]} Rh7 {[%emt 0:00:02]} 48. f4 {[%emt 0:00:02]}
Kf6 { [%emt 0:00:03]} 49. Bxc5 {[%emt 0:00:02]} 1-0

[Event "DSJ Weihnachtsturnier U16: Lasker 2020"]
[Site ""]
[Date "2020.12.28"]
[Round "2"]
[White "Paulsen, Niels-Martin"]
[Black "Gossing, Marie-Sophie"]
[Result "0-1"]
[Termination "normal"]
[Board "13.2"]
[WhiteElo "1588"]
[BlackElo "1269"]
[WhiteTeam "Lübecker SV von 1873 2"]
[BlackTeam "Lübecker SV von 1873"]
[PlyCount "48"]
[WhiteFideId "16214994"]
[BlackFideId "16217284"]
[EventRounds "7"]
[EventType "team-swiss"]
[EventDate "2020.12.28"]

1. Nf3 {[%emt 0:00:06]} d5 {[%emt 0:00:10]} 2. d4 {[%emt 0:00:08]} Bf5 { [%emt
0:00:09]} 3. Bf4 {[%emt 0:00:16]} Nd7 {[%emt 0:00:15]} 4. c4 {[%emt 0:00:07]}
e6 {[%emt 0:00:21]} 5. Nc3 {[%emt 0:00:06]} Bb4 {[%emt 0:00:34]} 6. Bd2 { [%emt
0:00:52]} Ngf6 {[%emt 0:00:20]} 7. Qb3 {[%emt 0:00:43]} Bxc3 {[%emt 0:00:12]}
8. Bxc3 {[%emt 0:00:07]} Nb6 {[%emt 0:00:28]} 9. c5 {[%emt 0:00:21]} Nbd7
{[%emt 0:00:34]} 10. Qxb7 {[%emt 0:00:05]} O-O {[%emt 0:00:12]} 11. Ba5 { [%emt
0:00:54]} Rb8 {[%emt 0:00:14]} 12. Qxa7 {[%emt 0:00:22]} Ra8 {[%emt 0:00:12]}
13. Qxc7 {[%emt 0:00:51]} Rxa5 {[%emt 0:00:17]} 14. Qxd8 {[%emt 0:00:02]} Rxd8
{[%emt 0:00:04]} 15. b4 {[%emt 0:00:05]} Ra4 {[%emt 0:00:12]} 16. e3 { [%emt
0:00:12]} Rda8 {[%emt 0:00:04]} 17. Bb5 {[%emt 0:00:05]} Rxa2 {[%emt 0:00:11]}
18. Rxa2 {[%emt 0:00:39]} Rxa2 {[%emt 0:00:04]} 19. Rf1 {[%emt 0:00:37] } Rb2
{[%emt 0:01:09]} 20. c6 {[%emt 0:00:32]} Nb6 {[%emt 0:00:16]} 21. Ba6 { [%emt
0:00:40]} Rxb4 {[%emt 0:00:27]} 22. c7 {[%emt 0:00:49]} Ra4 {[%emt 0:00:35]}
23. c8=Q+ {[%emt 0:01:44]} Nxc8 {[%emt 0:00:06]} 24. Bxc8 {[%emt 0:00:01]} Bd3
{[%emt 0:00:10]} 0-1

[Event "DSJ Weihnachtsturnier U16: Lasker 2020"]
[Site ""]
[Date "2020.12.28"]
[Round "2"]
[White "Hellenbroich, Helene"]
[Black "Monakhov, Boris"]
[Result "0-1"]
[Termination "normal"]
[Board "13.3"]
[WhiteElo "1358"]
[BlackElo "1634"]
[WhiteTeam "Lübecker SV von 1873"]
[BlackTeam "Lübecker SV von 1873 2"]
[PlyCount "60"]
[WhiteFideId "16270754"]
[BlackFideId "16297415"]
[EventRounds "7"]
[EventType "team-swiss"]
[EventDate "2020.12.28"]

1. e4 {[%emt 0:00:13]} c5 {[%emt 0:00:13]} 2. Bc4 {[%emt 0:00:06]} e6 {[%emt
0:00:06]} 3. Nc3 {[%emt 0:00:09]} a6 {[%emt 0:00:05]} 4. Nf3 {[%emt 0:00:25]}
b5 {[%emt 0:00:10]} 5. Be2 {[%emt 0:00:07]} Qc7 {[%emt 0:00:04]} 6. O-O {[%emt
0:01:11]} Be7 {[%emt 0:00:14]} 7. d3 {[%emt 0:00:18]} Nc6 {[%emt 0:00:11]} 8.
Be3 {[%emt 0:00:06]} d6 {[%emt 0:00:20]} 9. Nb1 {[%emt 0:00:03]} Nf6 {[%emt
0:00:18]} 10. Re1 {[%emt 0:00:16]} O-O {[%emt 0:00:11]} 11. Nbd2 {[%emt
0:00:08]} Bb7 {[%emt 0:00:05]} 12. Nf1 {[%emt 0:00:21]} d5 {[%emt 0:00:17]} 13.
exd5 { [%emt 0:00:17]} Nxd5 {[%emt 0:00:09]} 14. c4 {[%emt 0:00:25]} Nxe3
{[%emt 0:00:09]} 15. Nxe3 {[%emt 0:00:06]} Rad8 {[%emt 0:00:42]} 16. Qc2 {[%emt
0:00:18]} Ne5 {[%emt 0:00:19]} 17. Nxe5 {[%emt 0:01:16]} Qxe5 {[%emt 0:00:00]}
18. Ng4 { [%emt 0:00:08]} Qg5 {[%emt 0:00:13]} 19. Rad1 {[%emt 0:00:16]} f5
{[%emt 0:00:08]} 20. Ne3 {[%emt 0:00:12]} f4 {[%emt 0:00:04]} 21. Bf1 {[%emt
0:00:23]} fxe3 {[%emt 0:00:10]} 22. Rxe3 {[%emt 0:00:02]} bxc4 {[%emt 0:00:47]}
23. Qxc4 { [%emt 0:00:19]} Kh8 {[%emt 0:00:45]} 24. Rg3 {[%emt 0:00:23]} Qf5
{[%emt 0:00:23]} 25. Rd2 {[%emt 0:00:19]} Bd6 {[%emt 0:00:30]} 26. Rg4 {[%emt
0:00:23]} h5 {[%emt 0:00:38]} 27. Rh4 {[%emt 0:00:18]} Bf4 {[%emt 0:00:28]} 28.
Rc2 { [%emt 0:01:11]} Be3 {[%emt 0:00:59]} 29. g4 {[%emt 0:01:13]} Bxf2+ {[%emt
0:00:06]} 30. Rxf2 {[%emt 0:00:02]} Qxf2# {[%emt 0:00:00]} 0-1

[Event "DSJ Weihnachtsturnier U16: Lasker 2020"]
[Site ""]
[Date "2020.12.28"]
[Round "2"]
[White "Glowiak, Maximilian"]
[Black "Mund, Raphael"]
[Result "1-0"]
[Termination "normal"]
[Board "14.3"]
[WhiteElo "1420"]
[BlackElo "1128"]
[WhiteTeam "Schachfr. Bischofswerda"]
[BlackTeam "SC 1951 Nordhausen"]
[PlyCount "83"]
[WhiteFideId "16259521"]
[BlackFideId "34667164"]
[EventRounds "7"]
[EventType "team-swiss"]
[EventDate "2020.12.28"]

1. d4 {[%emt 0:00:08]} d5 {[%emt 0:00:03]} 2. c4 {[%emt 0:00:02]} dxc4 { [%emt
0:00:04]} 3. Nf3 {[%emt 0:00:02]} Nf6 {[%emt 0:00:05]} 4. e3 {[%emt 0:00:04]}
Bf5 {[%emt 0:00:13]} 5. Bxc4 {[%emt 0:00:06]} e6 {[%emt 0:00:05]} 6. O-O {
[%emt 0:00:04]} Bd6 {[%emt 0:00:09]} 7. Nc3 {[%emt 0:00:08]} O-O {[%emt
0:00:05]} 8. Re1 {[%emt 0:00:06]} Nc6 {[%emt 0:00:01]} 9. e4 {[%emt 0:00:08]}
Bg6 { [%emt 0:00:08]} 10. e5 {[%emt 0:00:04]} Be7 {[%emt 0:00:21]} 11. exf6
{[%emt 0:00:07]} Bxf6 {[%emt 0:00:03]} 12. Be3 {[%emt 0:00:10]} e5 {[%emt
0:00:10]} 13. dxe5 {[%emt 0:00:08]} Qxd1 {[%emt 0:00:06]} 14. Raxd1 {[%emt
0:00:03]} Nxe5 { [%emt 0:00:03]} 15. Nxe5 {[%emt 0:00:03]} Bxe5 {[%emt
0:00:03]} 16. Bd4 { [%emt 0:00:19]} Bxd4 {[%emt 0:00:08]} 17. Rxd4 {[%emt
0:00:02]} Rad8 {[%emt 0:00:05]} 18. Rxd8 {[%emt 0:00:11]} Rxd8 {[%emt 0:00:03]}
19. Rd1 {[%emt 0:00:02] } Re8 {[%emt 0:00:07]} 20. h3 {[%emt 0:00:05]} Bc2
{[%emt 0:00:04]} 21. Rd7 { [%emt 0:00:09]} h6 {[%emt 0:00:19]} 22. Bxf7+ {[%emt
0:00:08]} Kf8 {[%emt 0:00:04]} 23. Bxe8 {[%emt 0:00:02]} Kxe8 {[%emt 0:00:03]}
24. Rxc7 {[%emt 0:00:02]} a6 {[%emt 0:00:28]} 25. Rxb7 {[%emt 0:00:07]} a5
{[%emt 0:00:03]} 26. Rxg7 { [%emt 0:00:03]} a4 {[%emt 0:00:03]} 27. Ra7 {[%emt
0:00:03]} Bd1 {[%emt 0:00:15]} 28. Nxd1 {[%emt 0:00:04]} Kf8 {[%emt 0:00:06]}
29. b4 {[%emt 0:00:04]} Ke8 {[%emt 0:00:08]} 30. b5 {[%emt 0:00:04]} Kd8 {[%emt
0:00:03]} 31. f4 {[%emt 0:00:03]} Kc8 {[%emt 0:00:09]} 32. f5 {[%emt 0:00:03]}
Kb8 {[%emt 0:00:03]} 33. Rh7 {[%emt 0:00:02]} h5 {[%emt 0:00:05]} 34. f6 {[%emt
0:00:02]} Kc8 {[%emt 0:00:02]} 35. f7 {[%emt 0:00:03]} Kc7 {[%emt 0:00:05]} 36.
f8=Q+ {[%emt 0:00:02]} Kb6 {[%emt 0:00:03]} 37. Qb8+ {[%emt 0:00:06]} Ka5
{[%emt 0:00:02]} 38. Qc7+ { [%emt 0:00:06]} Kb4 {[%emt 0:00:03]} 39. Qc3+
{[%emt 0:00:04]} Kxb5 {[%emt 0:00:06]} 40. Rb7+ {[%emt 0:00:02]} Ka6 {[%emt
0:00:05]} 41. Qc6+ {[%emt 0:00:02] } Ka5 {[%emt 0:00:04]} 42. Qb5# {[%emt
0:00:02]} 1-0

[Event "DSJ Weihnachtsturnier U16: Lasker 2020"]
[Site ""]
[Date "2020.12.28"]
[Round "2"]
[White "Schiebeck, Matteo"]
[Black "Golubev, Egor"]
[Result "0-1"]
[Termination "normal"]
[Board "14.4"]
[WhiteElo "960"]
[BlackElo "1589"]
[WhiteTeam "SC 1951 Nordhausen"]
[BlackTeam "Schachfr. Bischofswerda"]
[PlyCount "42"]
[BlackFideId "24287474"]
[EventRounds "7"]
[EventType "team-swiss"]
[EventDate "2020.12.28"]

1. e4 {[%emt 0:00:04]} c5 {[%emt 0:00:05]} 2. Bc4 {[%emt 0:00:15]} e6 {[%emt
0:00:04]} 3. d3 {[%emt 0:00:30]} a6 {[%emt 0:00:07]} 4. Nf3 {[%emt 0:00:14]}
Nc6 {[%emt 0:00:04]} 5. O-O {[%emt 0:00:17]} b5 {[%emt 0:00:06]} 6. Bb3 {[%emt
0:00:03]} Qc7 {[%emt 0:00:03]} 7. g3 {[%emt 0:00:13]} Nf6 {[%emt 0:00:11]} 8.
Bf4 {[%emt 0:00:21]} d6 {[%emt 0:00:12]} 9. a4 {[%emt 0:00:22]} Bb7 {[%emt
0:00:39] } 10. axb5 {[%emt 0:00:11]} axb5 {[%emt 0:00:18]} 11. Rxa8+ {[%emt
0:00:07]} Bxa8 {[%emt 0:00:05]} 12. Nc3 {[%emt 0:00:15]} Qb6 {[%emt 0:00:21]}
13. d4 { [%emt 0:00:35]} Nxd4 {[%emt 0:00:30]} 14. Nxd4 {[%emt 0:00:06]} cxd4
{[%emt 0:00:07]} 15. Ne2 {[%emt 0:00:15]} e5 {[%emt 0:00:19]} 16. Bg5 {[%emt
0:00:27]} Be7 {[%emt 0:00:05]} 17. c4 {[%emt 0:00:21]} b4 {[%emt 0:00:37]} 18.
Qa1 { [%emt 0:00:45]} Bc6 {[%emt 0:00:30]} 19. f4 {[%emt 0:01:04]} d3+ {[%emt
0:00:09]} 20. Kh1 {[%emt 0:00:34]} Bxe4+ {[%emt 0:00:06]} 21. Rf3 {[%emt
0:00:27]} Bxf3# {[%emt 0:00:03]} 0-1

[Event "DSJ Weihnachtsturnier U16: Lasker 2020"]
[Site ""]
[Date "2020.12.28"]
[Round "3"]
[White "Trifan, Andrei Ioan"]
[Black "Boder, Jan"]
[Result "0-1"]
[Termination "time forfeit"]
[Board "1.1"]
[WhiteElo "2237"]
[BlackElo "2146"]
[WhiteTeam "OSG Baden-Baden"]
[BlackTeam "SC ML Kastellaun"]
[PlyCount "84"]
[WhiteFideId "12967068"]
[BlackFideId "16243226"]
[EventRounds "7"]
[EventType "team-swiss"]
[EventDate "2020.12.28"]

1. e4 {[%emt 0:00:19]} c5 {[%emt 0:00:03]} 2. Nf3 {[%emt 0:00:05]} g6 {[%emt
0:00:03]} 3. d4 {[%emt 0:00:05]} cxd4 {[%emt 0:00:00]} 4. Nxd4 {[%emt 0:00:01]}
Nc6 {[%emt 0:00:02]} 5. c4 {[%emt 0:00:04]} Nf6 {[%emt 0:00:03]} 6. Nc3 { [%emt
0:00:02]} d6 {[%emt 0:00:03]} 7. Be2 {[%emt 0:00:16]} Nxd4 {[%emt 0:00:02]} 8.
Qxd4 {[%emt 0:00:00]} Bg7 {[%emt 0:00:00]} 9. Be3 {[%emt 0:00:29]} O-O {[%emt
0:00:03]} 10. Qd2 {[%emt 0:00:02]} a5 {[%emt 0:00:05]} 11. O-O {[%emt 0:01:03]}
a4 {[%emt 0:00:03]} 12. Rac1 {[%emt 0:00:23]} Qa5 {[%emt 0:00:03]} 13. Rfd1
{[%emt 0:00:21]} b6 {[%emt 0:01:12]} 14. f3 {[%emt 0:00:30]} Ba6 {[%emt
0:00:05]} 15. Nb5 {[%emt 0:00:47]} Rfc8 {[%emt 0:01:40]} 16. Qe1 {[%emt
0:01:02]} Qxe1+ {[%emt 0:00:16]} 17. Rxe1 {[%emt 0:00:00]} Nd7 {[%emt 0:00:01]}
18. Rb1 { [%emt 0:00:34]} Bxb5 {[%emt 0:00:51]} 19. cxb5 {[%emt 0:00:02]} Rc2
{[%emt 0:00:00]} 20. Bc1 {[%emt 0:01:54]} Bd4+ {[%emt 0:00:36]} 21. Kf1 {[%emt
0:00:02]} Rac8 {[%emt 0:02:07]} 22. Rd1 {[%emt 0:00:13]} e5 {[%emt 0:00:04]}
23. Bh6 { [%emt 0:00:16]} f5 {[%emt 0:00:33]} 24. exf5 {[%emt 0:00:26]} gxf5
{[%emt 0:00:00]} 25. Rdc1 {[%emt 0:00:14]} Rxc1+ {[%emt 0:01:01]} 26. Rxc1
{[%emt 0:00:05]} Rxc1+ {[%emt 0:00:00]} 27. Bxc1 {[%emt 0:00:01]} Kf7 {[%emt
0:00:00]} 28. Bc4+ {[%emt 0:00:13]} Kf6 {[%emt 0:00:01]} 29. h4 {[%emt
0:00:10]} f4 {[%emt 0:00:19]} 30. Bd3 {[%emt 0:00:09]} h6 {[%emt 0:00:04]} 31.
Bc2 {[%emt 0:00:00]} Nc5 {[%emt 0:00:05]} 32. b4 {[%emt 0:00:11]} axb3 {[%emt
0:00:06]} 33. axb3 { [%emt 0:00:00]} d5 {[%emt 0:00:17]} 34. g3 {[%emt
0:00:26]} Be3 {[%emt 0:00:17] } 35. Bxe3 {[%emt 0:00:11]} fxe3 {[%emt 0:00:00]}
36. Ke2 {[%emt 0:00:08]} d4 { [%emt 0:00:07]} 37. f4 {[%emt 0:00:18]} exf4
{[%emt 0:00:05]} 38. gxf4 { [%emt 0:00:00]} Ne6 {[%emt 0:00:13]} 39. Kf3 {[%emt
0:00:03]} Nxf4 {[%emt 0:00:06]} 40. Bd1 {[%emt 0:00:08]} Ke5 {[%emt 0:00:08]}
41. b4 {[%emt 0:00:02]} Nd5 {[%emt 0:00:02]} 42. Kg4 {[%emt 0:00:04]} d3 {[%emt
0:00:06] TimeW 0-1} 0-1

[Event "DSJ Weihnachtsturnier U16: Lasker 2020"]
[Site ""]
[Date "2020.12.28"]
[Round "3"]
[White "Ohler, Julius"]
[Black "Schmitt, Daniel"]
[Result "1/2-1/2"]
[Termination "normal"]
[Board "1.2"]
[WhiteElo "2010"]
[BlackElo "1966"]
[WhiteTeam "SC ML Kastellaun"]
[BlackTeam "OSG Baden-Baden"]
[PlyCount "41"]
[WhiteFideId "16238982"]
[BlackFideId "16279018"]
[EventRounds "7"]
[EventType "team-swiss"]
[EventDate "2020.12.28"]

1. d4 {[%emt 0:00:06]} Nf6 {[%emt 0:00:02]} 2. c4 {[%emt 0:00:08]} g6 {[%emt
0:00:02]} 3. Nc3 {[%emt 0:00:03]} d5 {[%emt 0:00:01]} 4. cxd5 {[%emt 0:00:02]}
Nxd5 {[%emt 0:00:01]} 5. e4 {[%emt 0:00:01]} Nxc3 {[%emt 0:00:01]} 6. bxc3 {
[%emt 0:00:01]} Bg7 {[%emt 0:00:01]} 7. Nf3 {[%emt 0:00:01]} c5 {[%emt 0:00:06]
} 8. Be2 {[%emt 0:00:03]} O-O {[%emt 0:00:16]} 9. O-O {[%emt 0:00:02]} Nc6 {
[%emt 0:00:09]} 10. Be3 {[%emt 0:00:02]} Bg4 {[%emt 0:00:56]} 11. e5 {[%emt
0:00:20]} Qa5 {[%emt 0:01:30]} 12. Qb3 {[%emt 0:00:10]} Qc7 {[%emt 0:01:17]}
13. h3 {[%emt 0:00:07]} Bd7 {[%emt 0:00:49]} 14. a4 {[%emt 0:00:38]} e6 {[%emt
0:00:27]} 15. Rfd1 {[%emt 0:00:11]} Na5 {[%emt 0:00:19]} 16. Qa2 {[%emt
0:00:03]} c4 {[%emt 0:00:09]} 17. Rab1 {[%emt 0:00:08]} Bc6 {[%emt 0:00:15]}
18. Rb4 { [%emt 0:00:16]} Bd5 {[%emt 0:00:09]} 19. Nd2 {[%emt 0:00:17]} Rac8
{[%emt 0:00:19]} 20. Rdb1 {[%emt 0:00:04]} b6 {[%emt 0:00:06]} 21. Bf1 {[%emt
0:00:42] Kastell2-002 offers a draw} 1/2-1/2